<?xml version="1.0" encoding="UTF-8"?><?xml-stylesheet type="text/xsl" href="static/style.xsl"?><OAI-PMH xmlns="http://www.openarchives.org/OAI/2.0/" xmlns:xsi="http://www.w3.org/2001/XMLSchema-instance" xsi:schemaLocation="http://www.openarchives.org/OAI/2.0/ http://www.openarchives.org/OAI/2.0/OAI-PMH.xsd"><responseDate>2026-04-13T05:41:12Z</responseDate><request verb="GetRecord" identifier="oai:www.recercat.cat:2445/217476" metadataPrefix="marc">https://recercat.cat/oai/request</request><GetRecord><record><header><identifier>oai:recercat.cat:2445/217476</identifier><datestamp>2025-11-20T02:11:19Z</datestamp><setSpec>com_2072_1057</setSpec><setSpec>col_2072_478772</setSpec><setSpec>col_2072_478917</setSpec></header><metadata><record xmlns="http://www.loc.gov/MARC21/slim" xmlns:dcterms="http://purl.org/dc/terms/" xmlns:xsi="http://www.w3.org/2001/XMLSchema-instance" xmlns:doc="http://www.lyncode.com/xoai" xsi:schemaLocation="http://www.loc.gov/MARC21/slim http://www.loc.gov/standards/marcxml/schema/MARC21slim.xsd">
   <leader>00925njm 22002777a 4500</leader>
   <datafield ind2=" " ind1=" " tag="042">
      <subfield code="a">dc</subfield>
   </datafield>
   <datafield ind2=" " ind1=" " tag="720">
      <subfield code="a">Ruiz, Martí, 1982-</subfield>
      <subfield code="e">author</subfield>
   </datafield>
   <datafield ind2=" " ind1=" " tag="720">
      <subfield code="a">Teixidó Simó, Enric, 1979-</subfield>
      <subfield code="e">author</subfield>
   </datafield>
   <datafield ind2=" " ind1=" " tag="260">
      <subfield code="c">2025-01-14T15:46:49Z</subfield>
   </datafield>
   <datafield ind2=" " ind1=" " tag="260">
      <subfield code="c">2025-01-14T15:46:49Z</subfield>
   </datafield>
   <datafield ind2=" " ind1=" " tag="260">
      <subfield code="c">2024-04-15</subfield>
   </datafield>
   <datafield ind2=" " ind1=" " tag="260">
      <subfield code="c">2025-01-14T15:46:49Z</subfield>
   </datafield>
   <datafield ind2=" " ind1=" " tag="520">
      <subfield code="a">El proyecto artístico y educativo de Pangamelan.org plantea el proceso de construcción de instrumentos musicales en base al reciclaje de sartenes en desuso y con unos requerimientos técnicos asequibles y de bajo coste. Se inspira en la tradición musical indonesia del Gamelan, e implementa sus lógicas de interpretación en grupo con un nuevo conjunto de instrumentos, hechos con sartenes recuperadas de centros de reciclaje o aportados por los participantes en los talleres, acercándonos a las sonoridades indonesias: las sartenes pueden sonar como campanas o como gongs, los mangos se convierten en baquetas y mazas para percutir; las estructuras de soporte se construyen reciclando muebles y telas viejas. Durante la construc- ción y diseño sonoro se introducen nociones sobre física acústica, sensibilización auditiva, sobre tonalidades y escalas musicales no occidentales, y en la fase de práctica musical se introducen las dinámicas de interpretación grupal, técnicas y rítmicas a contrapunto según la tradición balinesa, para la creación de nuevas formas musicales propias de cada grupo. Palabras clave: sonido, acústica, reciclaje, metal, participación. </subfield>
   </datafield>
   <datafield tag="653" ind2=" " ind1=" ">
      <subfield code="a">Productes reciclats</subfield>
   </datafield>
   <datafield tag="653" ind2=" " ind1=" ">
      <subfield code="a">Metalls</subfield>
   </datafield>
   <datafield tag="653" ind2=" " ind1=" ">
      <subfield code="a">Art sonor</subfield>
   </datafield>
   <datafield tag="653" ind2=" " ind1=" ">
      <subfield code="a">Recycled products</subfield>
   </datafield>
   <datafield tag="653" ind2=" " ind1=" ">
      <subfield code="a">Metals</subfield>
   </datafield>
   <datafield tag="653" ind2=" " ind1=" ">
      <subfield code="a">Sound art</subfield>
   </datafield>
   <datafield ind2="0" ind1="0" tag="245">
      <subfield code="a">Pangamelan: Reciclar sartenes para una música colectiva y sostenible</subfield>
   </datafield>
</record></metadata></record></GetRecord></OAI-PMH>